Normal view
MARC view
- التأجير التمويلي -- قانون
Entry Topical Term
001 - CONTROL NUMBER
- control field: 32584
003 - CONTROL NUMBER IDENTIFIER
- control field: JO-AjAnu
005 - DATE AND TIME OF LATEST TRANSACTION
- control field: 20230606075456.0
008 - FIXED-LENGTH DATA ELEMENTS
- fixed length control field: 230606|| aca||aabn | a|a d
040 ## - CATALOGING SOURCE
- Original cataloging agency: JO-AjAnu
- Transcribing agency: JO-AjAnu
150 ## - HEADING--TOPICAL TERM
- Topical term or geographic name entry element: التأجير التمويلي -- قانون
670 ## - SOURCE DATA FOUND
- Source citation: Work cat.: (JO-AjAnu)16740: الشهاوى ، قدرى عبد الفتاح , author 32583, قانون التأجير التمويلي رقم 95 لسنة 1995 المعدل بالقانون رقم 16 لسنة 2001 ولائحتة التنفيذية " دراسة مقارنة "